Normal view
MARC view
- WEBB, JARRETT
Entry Personal Name
001 - CONTROL NUMBER
- control field: 91653
003 - CONTROL NUMBER IDENTIFIER
- control field: NUST
005 - DATE AND TIME OF LATEST TRANSACTION
- control field: 20220518154019.0
008 - FIXED-LENGTH DATA ELEMENTS
- fixed length control field: 220518|| aca||aabn | a|a d
040 ## - CATALOGING SOURCE
- Original cataloging agency: NUST
- Transcribing agency: NUST
100 ## - HEADING--PERSONAL NAME
- Personal name: WEBB, JARRETT
670 ## - SOURCE DATA FOUND
- Source citation: Work cat.: (NUST): WEBB, JARRETT., BEGINNING KINECT PROGRAMMING WITH THE MICROSOFT KINECT SDK /, 2012.
